Alle Gemarkungen im Ortenaukreis - Statistiken

Allgemein
  • Dieses Quiz wurde 22 mal gespielt
  • Das Durchschnittsergebnis liegt bei 94 aus 161
Antwortstatistiken
Gemeinde Antwort % Korrekt
Kappel-Grafenhausen Kappel
93%
Ortenberg Ortenberg
93%
Achern Achern
87%
Offenburg Bühl
87%
Durbach Durbach
87%
Hornberg Hornberg
87%
Oberwolfach Oberwolfach
87%
Offenburg Offenburg
87%
Ohlsbach Ohlsbach
87%
Oppenau Oppenau
87%
Gengenbach | Hornberg | Lahr Reichenbach
87%
Renchen Renchen
87%
Sasbach Sasbach
87%
Willstätt Willstätt
87%
Appenweier Appenweier
80%
Kehl Auenheim
80%
Biberach Biberach
80%
Offenburg Elgersweier
80%
Ettenheim Ettenheim
80%
Friesenheim Friesenheim
80%
Gutach (Schwarzwaldbahn) Gutach
80%
Haslach | Oberkirch Haslach
80%
Hausach Hausach
80%
Hofstetten Hofstetten
80%
Kappelrodeck Kappelrodeck
80%
Kippenheim Kippenheim
80%
Meißenheim Kürzell
80%
Lautenbach Lautenbach
80%
Mahlberg Mahlberg
80%
Meißenheim Meißenheim
80%
Nordrach Nordrach
80%
Oberkirch Oberkirch
80%
Ottenhöfen im Schwarzwald Ottenhöfen
80%
Rust Rust
80%
Sasbachwalden Sasbachwalden
80%
Friesenheim Schuttern
80%
Schuttertal Schuttertal
80%
Schutterwald Schutterwald
80%
Seelbach Seelbach
80%
Steinach Steinach
80%
Offenburg Weier
80%
Wolfach Wolfach
80%
Zell am Harmersbach Zell
80%
Neuried Altenheim
73%
Berghaupten Berghaupten
73%
Hohberg Diersburg
73%
Fischerbach Fischerbach
73%
Gengenbach Gengenbach
73%
Kehl Goldscheuer
73%
Kappel-Grafenhausen Grafenhausen
73%
Hohberg Hofweier
73%
Kehl Kehl
73%
Lahr Kippenheimweiler
73%
Lahr Lahr
73%
Mühlenbach Mühlenbach
73%
Schwanau Nonnenweier
73%
Oberharmersbach Oberharmersbach
73%
Friesenheim Oberschopfheim
73%
Mahlberg Orschweier
73%
gemeindefrei Rheinau
73%
Ringsheim Ringsheim
73%
Neuried Schutterzell
73%
Schuttertal Schweighausen
73%
Seebach Seebach
73%
Rheinau Freistett
67%
Neuried Ichenheim
67%
Lahr Langenwinkel
67%
Lauf Lauf
67%
Ettenheim Münchweier
67%
Hohberg Niederschopfheim
67%
Lahr Sulz
67%
Steinach Welschensteinach
67%
Schwanau Allmannsweier
60%
Gengenbach Bermersbach
60%
Neuried Dundenheim
60%
Durbach Ebersweier
60%
Bad Peterstal-Griesbach Griesbach
60%
Friesenheim Heiligenzell
60%
Willstätt Hesselhurst
60%
Kehl Kork
60%
Lahr Kuhbach
60%
Willstätt Legelshurst
60%
Rheinau Linx
60%
Oberkirch Nußbach
60%
Schwanau Ottenheim
60%
Rheinau Rheinbischofsheim
60%
Willstätt Sand
60%
Renchen Ulm
60%
Offenburg Zunsweier
60%
Schuttertal Dörlinbach
53%
Lahr Hugsweier
53%
Appenweier Urloffen
53%
Offenburg Zell-Weierbach
53%
Offenburg Bohlsbach
47%
Rheinau Diersheim
47%
Willstätt Eckartsweier
47%
Offenburg Griesheim
47%
Achern Großweier
47%
Kehl Hohnhurst
47%
Kehl Leutesheim
47%
Lahr Mietersheim
47%
Neuried Müllen
47%
Friesenheim Oberweier
47%
Kippenheim Schmieheim
47%
Oberkirch Tiergarten
47%
Zell am Harmersbach Unterentersbach
47%
Achern Wagshurst
47%
Ettenheim Wallburg
47%
Offenburg Waltersweier
47%
Schwanau Wittenweier
47%
Oberkirch Zusenhofen
47%
Ettenheim Altdorf
40%
Kehl Bodersweier
40%
Oberkirch Bottenau
40%
Ettenheim Ettenheimmünster
40%
Offenburg Fessenbach
40%
Achern Gamshurst
40%
Rheinau Honau
40%
Hornberg Niederwasser
40%
Oberkirch Ödsbach
40%
Bad Peterstal-Griesbach Peterstal
40%
Biberach Prinzbach
40%
Seelbach Schönberg
40%
Zell am Harmersbach Unterharmersbach
40%
Seelbach Wittelbach
40%
Renchen Erlach
33%
Wolfach Kinzigtal
33%
Wolfach Kirnbach
33%
Oppenau Maisach
33%
Kehl Neumühl
33%
Zell am Harmersbach Oberentersbach
33%
Kehl Odelshofen
33%
Kehl Querbach
33%
Offenburg Rammersweier
33%
Achern Sasbachried
33%
Gengenbach Schwaibach
33%
Offenburg Windschläg
33%
Haslach Bollenbach
27%
Oberkirch Butschbach
27%
Achern Fautenbach
27%
Rheinau Helmlingen
27%
Achern Mösbach
27%
Appenweier Nesselried
27%
Achern Oberachern
27%
Achern Önsbach
27%
Oberkirch Stadelhofen
27%
Kappelrodeck Waldulm
27%
Kehl Zierolshofen
27%
Hausach Einbach
20%
Ottenhöfen im Schwarzwald Furschenbach
20%
Rheinau Hausgereut
20%
Rheinau Holzhausen
20%
Oppenau Ibach
20%
Rheinau Memprechtshofen
20%
Oppenau Ramsbach
20%
Oberkirch Ringelbach
20%
Oppenau Lierbach
13%
Sasbach Obersasbach
13%
Keine übereinstimmenden Quizze gefunden
Verteilung der Resultate
Anzahl Personen mit jedem Resultat
Perzentil nach korrekt beantworteten Fragen
Ihre Resultats-Entwicklung
Sie haben dieses Quiz noch nicht gespielt